000 01406nac a22001931u 4500
008 101013s2008 xxu||||| |||| 00| 0 ara d
082 _a344.02962
_bق ر ا
245 _aقرار وزير المالية :
_bرقم 554 لسنة 2007: بشأن القواعد المنفذة لقانون التأمين الاجتماعى الصادر بالقانون رقم 79 لسنة 1975 /
_cإعداد ومراجعة حلمى عبد العظيم حسن ، محمد رشاد عبد الوهاب
250 _aط 2.
260 _bالقاهرة :
_cالهيئة العامة لشئون المطابع الأميرية ،2008
_a2008.
300 _a274 ص ؛
_c32 سم.
650 _aالتأمين الاجتماعي
_xقوانين وتشريعات
_920366
_zمصر
700 _aحسن ، حلمى عبد العظيم
_920367
_eإعداد ومراجعة
700 _aعبد الوهاب ، محمد رشاد
_920368
_eإعداد ومراجعة
710 _aAl Hayaa Al Ama Le Sheoon Al Matabea Al Amereya
_920369
942 _cBB
_k344.02962 ق ر ا
_2ddc
999 _c9241
_d9241